Ricostruisci la Carriera del Calciatore - Giampiero Pinzi - Statistics

Statistiche generali
  • Questo quiz è stato fatto 4 volte
  • Il punteggio medio è 3 su 7
Statistiche sulle risposte
Hint Risposta % Corretto
2000-2008 Udinese
100%
2016-2017 Brescia
50%
2015-2016 Chievo
50%
1998-2000 Lazio
50%
2017-2019 Padova
50%
2008-2010 Chievo
0%
2010-2015 Udinese
0%
Nessun quiz corrispondente trovato
Distribuzione punteggi
Percentuale di utenti per punteggio
Percentile per numero di risposta
I tuoi punteggi nel tempo
Non hai fatto questo quiz